12 miesięcy w 2 minuty - Statystyki

Ogólne statystyki
  • Ten quiz został rozwiązany 173 razy
  • Średni wynik to 12 z 12
Statystyki odpowiedzi
Hint Odpowiedź % Poprawnych
1 miesiąc roku Styczeń
99%
2 miesiąc roku Luty
98%
5 miesiąc roku Maj
98%
3 miesiąc roku Marzec
98%
7 miesiąc roku Lipiec
97%
6 miesiąc roku Czerwiec
96%
9 miesiąc roku Wrzesień
96%
4 miesiąc roku Kwiecień
95%
8 miesiąc roku Sierpień
95%
12 miesiąc roku Grudzień
94%
11 miesiąc roku Listopad
94%
10 miesiąc roku Pazdziernik
94%
Nie znaleziono quizów pasujących do podanych kryteriów
Rozkład punktacji
Procent ludzi z każdym wynikiem
Percentyl według liczby udzielonych odpowiedzi
Twoja historia wyników
Nie rozwiązałeś tego quizu